Most used medication worldwide (hard) - Statistics

General Stats
  • This quiz has been taken 44 times
  • The average score is 4 of 10
Answer Stats
Hint Answer % Correct
1 Atorvastatin
77%
4 Metformin
70%
6 Amlodipine
50%
3 Lisinopril
43%
8 Omeprazole
43%
10 Gabapentin
33%
2 Levothyroxine
30%
9 Losartan
30%
7 Albuterol
27%
5 Metroprolol
3%
No matching quizzes found
Score Distribution
Percent of People with Each Score
Percentile by Number Answered
Your Score History
You have not taken this quiz